The implications of the EU water framework directive for plans, plan making and development control (Record no. 106115)

MARC details
000 -LEADER
fixed length control field 01414cam a2200241 4500
001 - CONTROL NUMBER
control field ##L135619
008 - FIXED-LENGTH DATA ELEMENTS--GENERAL INFORMATION
fixed length control field 061116n2006 000 0 eng u
035 ## - SYSTEM CONTROL NUMBER
System control number (Sirsi) u135619
041 0# - LANGUAGE CODE
Language code of text/sound track or separate title eng
050 04 - LIBRARY OF CONGRESS CALL NUMBER
Classification number 627.1 $2 18
110 1# - MAIN ENTRY--CORPORATE NAME
Corporate name or jurisdiction name as entry element United Kingdom
Subordinate unit Department for Communities and Local Government
9 (RLIN) 4939
245 04 - TITLE STATEMENT
Title The implications of the EU water framework directive for plans, plan making and development control
Remainder of title a scoping study
260 ## - PUBLICATION, DISTRIBUTION, ETC.
Place of publication, distribution, etc. London
Name of publisher, distributor, etc. DCLG
Date of publication, distribution, etc. 2006
520 ## - SUMMARY, ETC.
Summary, etc. Aims to raise awareness of the water framework directive (Directive 2000/60/EC) amongst planning authorities and planning professionals. Seeks to facilitate a better understanding of the implications of implementing the directive for plans, plan making and development control and to involve planning professionals in the process of identifying both opportunities and also issues/possible solutions relating to directive implementation and through the above to collect relevant information to inform future decisions and actions.
590 ## - LOCAL NOTE (RLIN)
Local note KA
650 24 - SUBJECT ADDED ENTRY--TOPICAL TERM
Topical term or geographic name entry element DIRECTIVE 2000/60/EC
651 04 - SUBJECT ADDED ENTRY--GEOGRAPHIC NAME
Geographic name United Kingdom
Chronological subdivision
690 ## - LOCAL SUBJECT ADDED ENTRY--TOPICAL TERM (OCLC, RLIN)
Topical term or geographic name as entry element ENVIRONMENTAL AND LAND CONSULTANCY-WATER RESOURCE MANAGEMENT
700 1# - ADDED ENTRY--PERSONAL NAME
Personal name Cork, Mat
710 2# - ADDED ENTRY--CORPORATE NAME
Corporate name or jurisdiction name as entry element Jan Brooke Environmental Consultant Ltd
856 40 - ELECTRONIC LOCATION AND ACCESS
Uniform Resource Identifier <a href="https://www.communities.gov.uk/index.asp?id=1504250">https://www.communities.gov.uk/index.asp?id=1504250</a>
Public note View the scoping study free of charge at www.communities.gov.uk...
942 ## - ADDED ENTRY ELEMENTS (KOHA)
Suppress in OPAC 0
Holdings
Withdrawn status Lost status Source of classification or shelving scheme Damaged status Not for loan Home library Current library Shelving location Date acquired Total Checkouts Full call number Barcode Date last seen Copy number Price effective from Koha item type
    Dewey Decimal Classification     Virtual Virtual Online 16/11/2006   ONLINE PUBLICATION 135619-2001 06/08/2019 1 06/08/2019 Book